Технологические энергоносители промышленных предприятий: учебное пособие для вузов

Dettagli Bibliografici
Autore principale: Молодёжникова Л. И. Лидия Иосифовна
Ente Autore: Томский политехнический университет (ТПУ) Институт дистанционного образования (ИДО)
Riassunto:В учебном пособии в краткой форме изложены основные теоретические вопросы курса «Технологические энергоносители промышленных предприятий», где выделено 5 важнейших разделов. По каждой теме представлены тренировочные задачи, вопросы для контроля знаний, а также включен справочный материал. Пособие подготовлено на кафедре теоретической и промышленной теплотехники, соответствует программе дисциплины и предназначено для студентов ИДО, обучающихся по специальности 140104 «Промышленная теплоэнергетика».
Lingua:russo
Pubblicazione: Томск, Изд-во ТПУ, 2010
Soggetti:
Natura: MixedMaterials Libro
KOHA link:https://koha.lib.tpu.ru/cgi-bin/koha/opac-detail.pl?biblionumber=188181

MARC

LEADER 00000nam0a2200000 4500
001 188181
005 20231031174855.0
035 |a (RuTPU)RU\TPU\book\204411 
090 |a 188181 
100 |a 20101206d2010 m y0rusy50 ca 
101 0 |a rus 
102 |a RU 
105 |a a j 001zy 
200 1 |a Технологические энергоносители промышленных предприятий  |e учебное пособие для вузов  |f Л. И. Молодёжникова  |g Томский политехнический университет (ТПУ), Институт дистанционного образования (ИДО) 
210 |a Томск  |c Изд-во ТПУ  |d 2010 
215 |a 240 с.  |c ил. 
320 |a Библиогр.: с. 237-239. 
330 |a В учебном пособии в краткой форме изложены основные теоретические вопросы курса «Технологические энергоносители промышленных предприятий», где выделено 5 важнейших разделов. По каждой теме представлены тренировочные задачи, вопросы для контроля знаний, а также включен справочный материал. Пособие подготовлено на кафедре теоретической и промышленной теплотехники, соответствует программе дисциплины и предназначено для студентов ИДО, обучающихся по специальности 140104 «Промышленная теплоэнергетика». 
606 1 |a Энергетические установки промпредприятий  |2 stltpush  |3 (RuTPU)RU\TPU\subj\21310 
610 1 |a промышленные предприятия 
610 1 |a энергоснабжение 
610 1 |a технологические энергоустановки 
610 1 |a сжатый воздух 
610 1 |a производство 
610 1 |a компрессорные станции 
610 1 |a нагрузки 
610 1 |a расчеты 
610 1 |a производительность 
610 1 |a компрессоры 
610 1 |a основное оборудование 
610 1 |a вспомогательное оборудование 
610 1 |a воздухозабоные устройства 
610 1 |a воздухоохладители 
610 1 |a воздухоочистка 
610 1 |a воздухосборники 
610 1 |a воздухопроводы 
610 1 |a воздухоохладители 
610 1 |a водоснабжение 
610 1 |a транспортирование 
610 1 |a маслохозяйство 
610 1 |a водоснабжение 
610 1 |a производственное водоснабжение 
610 1 |a насосные станции 
610 1 |a водопроводные сети 
610 1 |a оборотное водоснабжение 
610 1 |a очистные сооружения 
610 1 |a газоснабжение 
610 1 |a газохранилища 
610 1 |a распределительные системы 
610 1 |a газовые приборы 
610 1 |a газопроводы 
610 1 |a холодоснабжение 
610 1 |a холодильные машины 
610 1 |a воздухоразделительные установки 
610 1 |a воздухораспределение 
610 1 |a кислород 
610 1 |a азот 
610 1 |a аргон 
610 1 |a учебные пособия 
610 1 |a труды учёных ТПУ 
610 1 |a транспортировка 
675 |a 658.26:621.3(075.8)  |v 3 
700 1 |a Молодёжникова  |b Л. И.  |c специалист в области теплотехники  |c старший преподаватель Томского политехнического университета  |g Лидия Иосифовна  |2 stltpush  |3 (RuTPU)RU\TPU\pers\26287 
712 0 2 |a Томский политехнический университет (ТПУ)  |b Институт дистанционного образования (ИДО)  |2 stltpush  |3 (RuTPU)RU\TPU\col\12625 
801 1 |a RU  |b 63413507  |c 20101206 
801 2 |a RU  |b 63413507  |c 20150715  |g RCR 
942 |c BK